Premier league winners - Statistics

General Stats
  • This quiz has been taken 48 times
  • The average score is 5 of 7
Answers on the Grid
Answers color-coded by a green-red scale on the quiz's grid according to % correct below.
Derby County
West Ham United
Manchester United
Nottingham Forest
Leiscester City
Newcastle United
Grimsby Town
Liverpool
Brighton and Hove Albion
Blackpool
Manchester City
Tottenham Hotspur
Aston Villa
Arsenal
Wrexham
Everton
Blackburn Rovers
Crystal Palace
Brentford
Chelsea
 
Answer Stats
Answer % Correct
Manchester United
90%
Arsenal
83%
Liverpool
83%
Manchester City
83%
Chelsea
76%
Leiscester City
76%
Blackburn Rovers
55%
No matching quizzes found
Score Distribution
Percent of People with Each Score
Percentile by Number Answered
Your Score History
You have not taken this quiz